000 00661nac a22001931u 4500
010 _a2005927095
020 _a0672327988 (pbk.)
082 0 0 _a005.14
_bP3221
090 _c717
_d717
100 _aPatton, Ron.
245 1 0 _aSoftware testing /
_cRon Patton.
250 _a2nd ed.
260 _aIndianapolis, IN :
_bSams Pub.,2006
_c2006.
300 _axiv, 389 p. :
_bill. ;
_c24 cm.
500 _aIncludes index.
650 0 _aComputer software
_xTesting.
942 _cBB
_k005.14P3221
999 _c717
_d717